Электронная промышленность. Наука. Технология. Изделия: научно-технический сборник

Xehetasun bibliografikoak
Aurreko izenburua:Электронная промышленность
Egile korporatiboa: Российское агентство по системам управления (570), ЦНИИ "Электроника"
Hizkuntza:errusiera
Argitaratua: Москва, ЦНИИ Электроника, 2000-2003
Gaiak:
Formatua: MixedMaterials Aldizkako argitalpena
KOHA link:https://koha.lib.tpu.ru/cgi-bin/koha/opac-detail.pl?biblionumber=379957

MARC

LEADER 00000nas1a2200000 4500
001 379957
005 20231101062635.0
035 |a (RuTPU)RU\TPU\prd\461 
090 |a 379957 
100 |a 20011210a20009999k y0rusy50 ca 
101 0 |a rus 
102 |a RU 
110 |a afaz|||0uu0 
200 1 |a Электронная промышленность. Наука. Технология. Изделия  |e научно-технический сборник  |f Российское агентство по системам управления ; ЦНИИ "Электроника" 
210 |a Москва  |c ЦНИИ Электроника  |d 2000-2003 
305 |a Выходит c 1970 года 
326 |a ежемесячно 
430 1 |0 (RuTPU)RU\TPU\prd\448  |x 0207-6357  |t Электронная промышленность  |o научно-информационный журнал  |f Российское агентство по системам управления ; ЦНИИ "Электроника"  |c Москва  |n ЦНИИ Электроника  |d 1970-1995 
610 1 |a электроника 
610 1 |a электронные приборы 
610 1 |a электронная промышленность 
712 0 2 |a Российское агентство по системам управления  |4 570 
712 0 2 |a ЦНИИ "Электроника"  |4 570 
801 0 |a RU  |b 63413507  |c 20011210  |g PSBO 
801 2 |a RU  |b 63413507  |c 20191122  |g PSBO 
942 |c CR